Southville International School and Colleges
Your cart is empty.
  • Cart
  • Lists
    Public lists Eva Luna New books Lux_list list_1
    Your lists Log in to create your own lists
  • Log in to your account
  • Your cookies
  • Search history
Southville International School and Colleges
  • Advanced search
  • Recent comments
  • Most popular
  • Libraries

Log in to your account

Log in with GOOGLE


If you do not have an external account, but do have a local account, you can still log in:

  1. Home
  2. MARC view: Flip quiz /
Normal view MARC view ISBD view

Flip quiz / (Record no. 8404)

[ view plain ]
MARC details
000 -LEADER
fixed length control field 01055nam a22003377a 4500
003 - CONTROL NUMBER IDENTIFIER
control field OSt
005 - DATE AND TIME OF LATEST TRANSACTION
control field 20140310182023.0
008 - FIXED-LENGTH DATA ELEMENTS--GENERAL INFORMATION
fixed length control field 130801t xxu||||| |||| 00| 0 eng d
020 ## - INTERNATIONAL STANDARD BOOK NUMBER
International Standard Book Number 9781902947655
020 ## - INTERNATIONAL STANDARD BOOK NUMBER
International Standard Book Number 1842360302
050 ## - LIBRARY OF CONGRESS CALL NUMBER
Classification number Q 173
-- Q 173
-- AG 195
-- D 21
Item number .F626 2001
082 ## - DEWEY DECIMAL CLASSIFICATION NUMBER
Classification number TR 793.730544
Item number F64sc 2001
110 ## - MAIN ENTRY--CORPORATE NAME
Corporate name or jurisdiction name as entry element Miles Kelly Publishing Ltd.,
9 (RLIN) 7210
245 ## - TITLE STATEMENT
Title Flip quiz /
260 ## - PUBLICATION, DISTRIBUTION, ETC. (IMPRINT)
Place of publication, distribution, etc Great Bardfield, Essex :
Name of publisher, distributor, etc Miles Kelly Publishing Ltd.,
Date of publication, distribution, etc c2001.
300 ## - PHYSICAL DESCRIPTION
Dimensions 19 cm.
440 ## - SERIES STATEMENT/ADDED ENTRY--TITLE
Title Science and Maths questions and answers age 7-9
9 (RLIN) 7211
440 ## - SERIES STATEMENT/ADDED ENTRY--TITLE
Title Science and Maths questions and answers age 9-10
9 (RLIN) 7212
650 ## - SUBJECT ADDED ENTRY--TOPICAL TERM
Topical term or geographic name as entry element Science
General subdivision Miscellanea
9 (RLIN) 7213
650 ## - SUBJECT ADDED ENTRY--TOPICAL TERM
Topical term or geographic name as entry element Math
General subdivision Miscellaenea
9 (RLIN) 7214
650 ## - SUBJECT ADDED ENTRY--TOPICAL TERM
Topical term or geographic name as entry element Questions and answers
9 (RLIN) 4945
650 ## - SUBJECT ADDED ENTRY--TOPICAL TERM
Topical term or geographic name as entry element General knowledge
General subdivision Miscellanea
9 (RLIN) 7215
650 ## - SUBJECT ADDED ENTRY--TOPICAL TERM
Topical term or geographic name as entry element Questions and answers
9 (RLIN) 4945
650 ## - SUBJECT ADDED ENTRY--TOPICAL TERM
Topical term or geographic name as entry element History
General subdivision Miscellanea
9 (RLIN) 7216
650 ## - SUBJECT ADDED ENTRY--TOPICAL TERM
Topical term or geographic name as entry element Questions and answers
9 (RLIN) 4945
942 ## - ADDED ENTRY ELEMENTS (KOHA)
Source of classification or shelving scheme Library of Congress Classification
Koha item type
Holdings
Withdrawn status Lost status Source of classification or shelving scheme Damaged status Home library Current library Shelving location Date acquired Total Checkouts Full call number Barcode Date last seen Copy number Price effective from Koha item type
    Library of Congress Classification   Luxembourg Library Luxembourg Library Teachers Reference Section 08/01/2013   Q 173 .F626 2001 12380 07/19/2016 1 10/03/2013 Books
    Library of Congress Classification   Luxembourg Library Luxembourg Library Teachers Reference Section 08/01/2013   Q 173 .F626 2001 11441 07/19/2016 1 10/03/2013 Books
    Library of Congress Classification   Luxembourg Library Luxembourg Library Teachers Reference Section 08/01/2013   AG 195 .F626 2001 12379 08/20/2015 1 10/03/2013 Books
    Library of Congress Classification   Luxembourg Library Luxembourg Library Teachers Reference Section 08/01/2013   D 21 .F626 2001 11442 08/13/2013 1 10/03/2013 Books

Flip quiz /

APA

Miles Kelly Publishing Ltd, . (2001). Flip quiz. Great Bardfield, Essex: Miles Kelly Publishing Ltd.

Chicago

Miles Kelly Publishing Ltd, . 2001. Flip quiz. Great Bardfield, Essex: Miles Kelly Publishing Ltd.

Harvard

Miles Kelly Publishing Ltd, . (2001). Flip quiz. Great Bardfield, Essex: Miles Kelly Publishing Ltd.

MLA

Miles Kelly Publishing Ltd, . Flip quiz. Great Bardfield, Essex: Miles Kelly Publishing Ltd. 2001.

  • Place hold
  • Print
  • Cite
  • Add to your cart (remove)
  • Save record
    BIBTEX Dublin Core MARCXML MARC (non-Unicode/MARC-8) MARC (Unicode/UTF-8) MARC (Unicode/UTF-8, Standard) MODS (XML) RIS
  • More searches
    Search for this title in:
    Other Libraries (WorldCat) Other Databases (Google Scholar) Online Stores (Bookfinder.com) Open Library (openlibrary.org)

Exporting to Dublin Core...

SOUTHVILLE LIBRARY

Southville International School and Colleges Library

1281 Tropical Ave. Cor. Luxembourg St., BF Homes International, Las Pinas City

Tel. No. 8256374 / 252358 Loc. 117/146

Powered by Koha